Quizzes
Events
Quiz Creation
Community
Videos
Private Events
Remove Ads
Sign In
Join for FREE
Feedback
Dark Mode
Quiz Categories
Sports
Geography
Music
Movies
Television
Just For Fun
Miscellaneous
History
Literature
Language
Science
Gaming
Entertainment
Religion
Holiday
For Kids
Quiz Lab
Recent
Popular Today
Quiz Kudos Today
Editor Picks
Curator Picks
Quizzes by...
Day
Popularity
Type
Ratings
Length
Year
Community
Subscriptions
Recent Discussions
Orange Saloon
Badges
Playlists
Quests
Create
Leaderboards
Showdown
Live 5
Trivia Bingo
Activity
Puzzle Library
Sporcle Events
Private Events
Virtual Trivia
Globe League
Become a Host
Pub Owners
SporcleCon
Opinionation
Our Games
Videos
Blog
Mobile Apps
Partnerships
Remove Ads and Go Orange
Feedback
Music
Pop Music
The Beatles
Song
Album
Lyrics
Bands
Singers
Artist
Clip
Rock
Rap
Classical
Billboard
Country Music
Kpop
Taylor Swift
Music
Pop Music
The Beatles
Song
Album
Lyrics
Bands
Singers
Artist
Clip
Rock
Rap
Classical
Billboard
Country Music
Kpop
Taylor Swift
Random Quiz
Search Sporcle
×
Quiz Lab
Quiz Lab
Music
Album
Click on answers out of a set of options
Click on answers out of a set of options
Multiple Choice
Best Score? Go Orange.
MCR: Which Album? Stats
Which album was each of these MCR songs featured on?
By
ADelicateBalance
60s
10 Questions
1,778 Plays
1,778 Plays
1,778 Plays
Comments
Comments
Give Quiz Kudos
Give Quiz Kudos
-
- Ratings
hide this ad
Random Order
Randomize order of answers
Randomize order of answers
Replay
Link that replays current quiz
Next Quiz
Link to next quiz in quiz playlist
You Got
0%
They Got
Avg Score
90%
Avg Friend Score
Upgrade to see
Score Distribution
Jump to the score distribution portion of the page
Score
0/10
Timer
01:00
0
Plays Today
Question
Answer
Wrong Answers
Party Poison
Danger Days: The True Lives of the Fabulous Killjoys
96.1%
I Brought You My Bullets, You Brought Me Your Love
1.1%
Three Cheers For Sweet Revenge
0.5%
The Black Parade
0.2%
Dead!
The Black Parade
96%
I Brought You My Bullets, You Brought Me Your Love
0.5%
Three Cheers For Sweet Revenge
1.2%
Danger Days: The True Lives of the Fabulous Killjoys
0.2%
Teenagers
The Black Parade
94.6%
I Brought You My Bullets, You Brought Me Your Love
0.2%
Three Cheers For Sweet Revenge
3%
Danger Days: The True Lives of the Fabulous Killjoys
0.3%
Disenchanted
The Black Parade
93%
I Brought You My Bullets, You Brought Me Your Love
2%
Three Cheers For Sweet Revenge
2.1%
Danger Days: The True Lives of the Fabulous Killjoys
0.6%
Bulletproof Heart
Danger Days: The True Lives of the Fabulous Killjoys
92.2%
I Brought You My Bullets, You Brought Me Your Love
3.7%
Three Cheers For Sweet Revenge
1.7%
The Black Parade
0.7%
The Sharpest Lives
The Black Parade
91.5%
I Brought You My Bullets, You Brought Me Your Love
1.3%
Three Cheers For Sweet Revenge
3.8%
Danger Days: The True Lives of the Fabulous Killjoys
1.4%
Our Lady Of Sorrows
I Brought You My Bullets, You Brought Me Your Love
90.3%
Three Cheers For Sweet Revenge
5.7%
The Black Parade
0.8%
Danger Days: The True Lives of the Fabulous Killjoys
1.4%
Hang 'Em High
Three Cheers For Sweet Revenge
89.1%
I Brought You My Bullets, You Brought Me Your Love
5.7%
The Black Parade
1.1%
Danger Days: The True Lives of the Fabulous Killjoys
2%
This Is The Best Day Ever
I Brought You My Bullets, You Brought Me Your Love
85.8%
Three Cheers For Sweet Revenge
5.1%
The Black Parade
0.8%
Danger Days: The True Lives of the Fabulous Killjoys
6.1%
To The End
Three Cheers For Sweet Revenge
80.3%
I Brought You My Bullets, You Brought Me Your Love
3.8%
The Black Parade
12.8%
Danger Days: The True Lives of the Fabulous Killjoys
1.1%
Quiz Playlist
Details
Report
Send in Message
Add To Playlist
Multiple Choice:
Click on answers out of a set of options
Random Order:
Randomize order of answers
Last Updated: Feb 16, 2017
Quiz Scoreboard
CHALLENGE
Sign Up to Join the Scoreboard
Show All
Scores
Hide
Comments
May contain spoilers
Recently Published
1-10 Letter E Words III
by El_Dandy
Language
2m
One Thing in Common: World Cities II
by knightlancer
Geography
7m
Popular People in 1961
by mucciniale
History
6m
More to Explore
Quiz From the Vault
Featured Blog Post
Where Did the Easter Bunny Come From?
hide this ad
You Might Also Like...
Tags
Album Quiz
Song Quiz
My Chemical Romance
Studio Albums
Today's Top Quizzes in Music
Browse Music
hide this ad
Today's Top Quizzes in Album
Browse Album
Top Contributed Quizzes in Music
1
Taylor Swift All Songs (2024)
2
Taylor Swift Logic Puzzle
3
2010s Album by Cover III
4
Wiggles or Beatles?
5
Get the Picture: Chris Cornell Bands
6
2010s Album by Cover V
7
Guess the Taylor Swift song (Mystery Song)
8
2010s Album by Cover IV
9
Swift Pick: 'Taylor' Lyrics
10
Guess the Artist- 70s Songs
Explore More
Trending Topics
Anime
Harry Potter
Kpop
Crossword
Disney
NBA
Marvel
Song
Puzzle
The Office
NFL
Pokémon
Soccer
Country
WWE
hide this ad
More By:
ADelicateBalance
Quiz
Plays
Rating
Category
Featured
Created
MCR: Which Album?
1,778
5.00
Music
Nov 22, 2016
Radiohead Lyrics, LITERALLY
448
5.00
Music
Dec 1, 2016
Radiohead Lyrics: Name The Song
345
4.20
Music
Nov 21, 2016
Muse Songs (from opening lyrics)
319
4.50
Music
Nov 22, 2016
20 Classic Album Covers
317
3.50
Music
Nov 30, 2016
Go to Creator's Profile
Score Distribution
Quiz Creator Spotlight
ADelicateBalance
Follow
Send a Message
Quizzes Created
-
Created Quiz Play Count
-
More By This Creator
Popular Quizzes Today
1
Find the US States - No Outlines Minefield
2
Popular People in 1961
3
The Countries of the World
4
Find the US States
5
1-10 Letter E Words III
6
Find the Countries of Europe - No Outlines Minefield
7
US States
8
One Thing in Common: World Cities II
More Music Quizzes
'Don't Stop Me Now' or Not?
Curator's Pick
Trending Quizzes
1-10 Letter F Words
Get the Picture: Chris Cornell Bands
1-10 Letter G Words
Risky Map Clicking: States by Unique Starting Letters
1-10 Letter F Words II
Recently Updated
Reality TV Shows (A-Z)
bhenderson79
Rickey Henderson's Hall of Fame Teammates
pecheneg
Champions League XIs: Arsenal
pecheneg
Quick Pick: Celebrities in WWE's Hall of Fame
aduchscher
A-Z Keypad Blitz II
pecheneg
Multiple Oscar Actors
pecheneg
Mystery Phrase Blitz: Oscar 'Best Actors'
pecheneg
F. Scott Fitzgerald Novels
LTH
Pick 3 Villains
ddd62291
This, But Not That XII
gazzso
Trending Topics
Marvel
Disney
Anime
Kpop
NBA
Crossword
Harry Potter
Pokémon
Country
Soccer
NFL
Song
The Office
Puzzle
WWE
Your Account Isn't Verified!
In order to create a playlist on Sporcle, you need to verify the email address you used during registration. Go to your
Sporcle Settings
to finish the process.
Report this User
Report this user for behavior that violates our
Community Guidelines
.
Details:
Send Report
Go to the Sporcle.com Mobile Site →
Comments